[Event "60th ch-HUN w 2012"]
[Site "Kisvarda HUN"]
[Date "2012.12.07"]
[Round "4"]
[White "Dudas,E"]
[Black "Varga,Kl"]
[Result "1-0"]
[WhiteElo "2243"]
[BlackElo "2210"]

1.e4 e6 2.d4 d5 3.Nd2 Be7 4.Bd3 c5 5.dxc5 Nf6 6.Qe2 O-O 7.Ngf3 a5 8.O-O Na6
9.e5 Nd7 10.c4 Ndxc5 11.Bb1 Nc7 12.Nd4 dxc4 13.Qxc4 g6 14.N2f3 b5 15.Qe2 Bb7
16.Bh6 Re8 17.Rd1 Qb8 18.h4 Rd8 19.Bc2 b4 20.Ng5 Nd5 21.Qf3 Bxg5 22.Bxg5 Re8
23.Qg3 a4 24.h5 Nd7 25.Re1 Ra5 26.hxg6 fxg6 27.Bh6 Ne7 28.Nxe6 Nxe5 29.Bf4 N7c6
30.Bxg6 hxg6 31.Bxe5 Nxe5 32.Rxe5 Qxe5 33.Qxg6+ Kh8 34.Qh6+ Kg8 35.Qg6+ Kh8
36.Qxe8+ Kh7 37.Rd1 Be4 38.Ng5+ Qxg5 39.Rd7+ Kh6 40.Qh8+  1-0

[Event "4th London Classic Open"]
[Site "London ENG"]
[Date "2012.12.07"]
[Round "7"]
[White "Szalontay,Mihaly"]
[Black "Stone,A ENG"]
[Result "0-1"]
[WhiteElo "2011"]
[BlackElo "2203"]

1.e4 e6 2.d4 d5 3.Nd2 Be7 4.Ngf3 Nf6 5.e5 Nfd7 6.Nb3 c5 7.c3 Nc6 8.h4 c4
9.Nbd2 f6 10.exf6 Nxf6 11.g3 O-O 12.Ne5 Nxe5 13.dxe5 Nd7 14.Nf3 Qb6 15.Bh3 Nxe5
16.Bg2 Nd3+ 17.Kd2 Nxf2 18.Qe2 Ne4+  0-1

[Event "4th London Classic Open"]
[Site "London ENG"]
[Date "2012.12.08"]
[Round "8"]
[White "Ferguson,M"]
[Black "Seymour,T"]
[Result "1-0"]
[WhiteElo "2402"]
[BlackElo "2093"]

1.e4 e6 2.d4 d5 3.Nd2 Be7 4.Ngf3 Nf6 5.e5 Nfd7 6.Bd3 b6 7.O-O Ba6 8.Ne1 c5
9.c3 Bxd3 10.Nxd3 Nc6 11.Qg4 g5 12.f4 h5 13.Qg3 cxd4 14.fxg5 dxc3 15.g6 Bh4
16.Qf4 f5 17.g7 Rg8 18.Qh6 cxd2 19.Qxh5+ Ke7 20.Bxd2 Rxg7 21.Qxh4+ Kf7 22.Qh5+ Kg8
23.Bh6 Rg4 24.h3 Rg7 25.Bxg7 Kxg7 26.Rf3 Ndxe5 27.Nxe5 Nxe5 28.Rg3+ Kf6 29.Qg5+  1-0

[Event "60th ch-HUN w 2012"]
[Site "Kisvarda HUN"]
[Date "2012.12.09"]
[Round "6"]
[White "Juhasz,Ba"]
[Black "Rudolf,An"]
[Result "1/2-1/2"]
[WhiteElo "2085"]
[BlackElo "2322"]

1.e4 e6 2.d4 d5 3.Nd2 a6 4.Ngf3 c5 5.dxc5 Bxc5 6.Bd3 Nf6 7.Qe2 Nc6 8.exd5 Qxd5
9.c4 Qh5 10.O-O O-O 11.Ne4 Nxe4 12.Bxe4 Bd7 13.Be3 Rfd8 14.Rfd1 Be8 15.h3 Bxe3
16.Qxe3 Qa5 17.Bxc6 Bxc6 18.Nd4 Rac8 19.a3 Qc7 20.Nxc6 Qxc6 21.b3 Rd6 22.Rd3 Rcd8
23.Rad1 h6 24.Rxd6 Rxd6 25.Rxd6 Qxd6 26.b4 Kf8 27.Qe4 Qd1+ 28.Kh2 Qd6+ 29.g3 Qd7
30.a4 Ke7 31.a5  1/2-1/2

[Event "60th ch-HUN w 2012"]
[Site "Kisvarda HUN"]
[Date "2012.12.09"]
[Round "6"]
[White "Schneider,Ve"]
[Black "Dudas,E"]
[Result "0-1"]
[WhiteElo "2306"]
[BlackElo "2243"]

1.e4 e6 2.d4 d5 3.Nd2 Nc6 4.Ngf3 Nf6 5.e5 Nd7 6.Bd3 Nb4 7.Be2 c5 8.c3 Nc6
9.O-O cxd4 10.cxd4 f6 11.exf6 Qxf6 12.Re1 Bd6 13.Bd3 O-O 14.Bxh7+ Kxh7 15.Rxe6 Bxh2+
16.Kxh2 Qf5 17.Nf1 Kg8 18.Re1 Nf6 19.Kg1 Ne4 20.Be3 Qg6 21.N1d2 Nxd2 22.Nxd2 Bh3
23.g3 Nb4 24.Qb3 Nc2 25.Qxd5+ Be6 26.Qe4 Bf5 27.Qxb7 Nxa1 28.Rxa1 Rab8 29.Qxa7 Rxb2
30.Rc1 Re8 31.d5 Rc2 32.Rxc2 Bxc2 33.Qb6 Qf7 34.Qc5 Bf5 35.Nc4 Bh3 36.f4 Qh5
37.Kf2 Bg4 38.Ne5 Qh2+ 39.Kf1 Qe2+ 40.Kg1 Bh3  0-1

[Event "Amplico ch-EUR Blitz"]
[Site "Warsaw POL"]
[Date "2012.12.14"]
[Round "1.2"]
[White "Rublevsky,S"]
[Black "Silvain,T"]
[Result "1-0"]
[WhiteElo "2688"]
[BlackElo "1973"]

1.e4 e6 2.d4 d5 3.Nd2 Nc6 4.Ngf3 Nf6 5.e5 Nd7 6.Bd3 f6 7.O-O fxe5 8.Nxe5 Ncxe5
9.dxe5 Nxe5 10.Qh5+ Nf7 11.Nf3 Qf6 12.Bg5 Qxb2 13.Rab1 g6 14.Rxb2 gxh5 15.Bf6 Rg8
16.Bxh7 Rg4 17.g3 b6 18.h3 Rc4 19.Bg6 Bb7 20.Ne5  1-0

[Event "ch-CZE KO Blitz H18 2012"]
[Site "Prague CZE"]
[Date "2012.12.15"]
[Round "1.1"]
[White "Pulpan,J"]
[Black "Balacek,T"]
[Result "1-0"]
[WhiteElo "2099"]
[BlackElo "2216"]

1.e4 e6 2.d4 d5 3.Nd2 Be7 4.Ngf3 Nf6 5.e5 Nfd7 6.Bd3 c5 7.c3 b6 8.O-O Ba6
9.Qe2 Bxd3 10.Qxd3 Nc6 11.a3 c4 12.Qe2 b5 13.b4 a5 14.Bb2 Nb6 15.Rfe1 Kd7
16.Nf1 g5 17.Ne3 Qg8 18.Ng4 Qg6 19.Nf6+ Bxf6 20.exf6 Qxf6 21.Ne5+ Nxe5 22.dxe5 Qf5
23.bxa5 Rxa5 24.a4 Nxa4 25.Ba3 Qd3 26.Qh5 Qg6 27.Qe2 h5 28.Bb4 Ra6 29.Qe3 g4
30.Rxa4 bxa4 31.Qc5 Re8 32.Qb5+ Rc6 33.Qb7+ Rc7 34.Qb5+ Rc6 35.Bd6 Rc8 36.Qb7+ R8c7
37.Bxc7 Rxc7 38.Qb5+ Kc8 39.Qe8+ Kb7 40.Qb5+ Kc8 41.Qa6+ Kd8 42.Qxa4 Qd3
43.Qa8+ Kd7 44.Qf8 Kc6 45.Qd6+ Kb7 46.Qb4+ Kc8 47.Ra1 h4 48.Ra8+ Kd7 49.Qd6+  1-0

[Event "Amplico ch-EUR Rapid"]
[Site "Warsaw POL"]
[Date "2012.12.15"]
[Round "1.6"]
[White "Naiditsch,A"]
[Black "Makowski,Tomasz"]
[Result "1-0"]
[WhiteElo "2708"]
[BlackElo "1800"]

1.e4 e6 2.d4 d5 3.Nd2 Nc6 4.Ngf3 Nf6 5.e5 Nd7 6.b3 f6 7.Bb2 f5 8.c4 Ne7 9.Bd3 c6
10.Qe2 Ng6 11.g3 Be7 12.h4 h5 13.a4 Qa5 14.Ng5 Ndf8 15.Kf1 Bd7 16.Ndf3 Qb4
17.Qc2 Nh7 18.Nxh7 Rxh7 19.a5 Bd8 20.c5 Bxa5 21.Ra4  1-0

[Event "Amplico ch-EUR Rapid"]
[Site "Warsaw POL"]
[Date "2012.12.15"]
[Round "4.19"]
[White "Antoms,G"]
[Black "Bartel,Mat"]
[Result "1/2-1/2"]
[WhiteElo "2376"]
[BlackElo "2629"]

1.e4 e6 2.d4 d5 3.Nd2 a6 4.Ngf3 Nf6 5.Bd3 c5 6.dxc5 dxe4 7.Nxe4 Nxe4 8.Bxe4 Qxd1+
9.Kxd1 Bxc5 10.Ke2 Nd7 11.a3 Nf6 12.Bd3 Ke7 13.b4 Ba7 14.c4 Bd7 15.Bb2 Ba4
16.Rac1 Rad8 17.Bc2 Bc6 18.Ne5 Bd4 19.Bxd4 Rxd4 20.Rhd1 Rhd8 21.Rxd4 Rxd4
22.f3 Be8 23.Rd1 Rh4 24.h3 Nd7 25.Nxd7 Bxd7 26.Be4 Bc8 27.c5 f5 28.Bc2 e5
29.Rd5  1/2-1/2

[Event "TCh-BEL 2012-13"]
[Site "Belgium BEL"]
[Date "2012.12.16"]
[Round "6.6"]
[White "Tan,Mat"]
[Black "Hammes,M"]
[Result "1-0"]
[WhiteElo "2428"]
[BlackElo "2368"]

1.e4 e6 2.d4 d5 3.Nd2 a6 4.Ngf3 c5 5.dxc5 Bxc5 6.Bd3 Nc6 7.O-O Nge7 8.exd5 exd5
9.Nb3 Bb6 10.c3 O-O 11.Re1 Ng6 12.Be3 Bxe3 13.Rxe3 Bg4 14.h3 Bxf3 15.Qxf3 a5
16.Bxg6 fxg6 17.Qd1 Qd6 18.Nd4 Nxd4 19.Qxd4 Rf4 20.Qd2 Raf8 21.Re2 Qc5 22.Rd1 R4f5
23.Qd4 b6 24.g4 R5f7 25.Qxc5 bxc5 26.Rxd5 Rc7 27.Ree5 Rfc8 28.a4 Kf7 29.g5 h6
30.h4 hxg5 31.hxg5 Kg8 32.Kg2 Kh7 33.Kg3 Kg8 34.f4 Kf7 35.Kf3 Kg8 36.Ke3 Kf7
37.Kd3 Kg8 38.Kc4 Rf8 39.Rxc5 Rxf4+ 40.Kb3  1-0

[Event "TCh-BEL 2012-13"]
[Site "Belgium BEL"]
[Date "2012.12.16"]
[Round "6.5"]
[White "Braun,Christi2"]
[Black "Zaragatski,I"]
[Result "0-1"]
[WhiteElo "2405"]
[BlackElo "2471"]

1.e4 e6 2.d4 d5 3.Nd2 Nc6 4.Ngf3 Nf6 5.e5 Nd7 6.Bd3 Nb4 7.Be2 c5 8.c3 Nc6
9.O-O a5 10.Re1 cxd4 11.cxd4 Nb6 12.Nf1 Be7 13.Ng3 h5 14.Bd3 Bd7 15.Ne2 Nb4
16.Bb1 Bb5 17.Nc3 Ba6 18.a3 Nc6 19.Bd3 Bxd3 20.Qxd3 a4 21.Nb5 Nc4 22.Nd2 Qa5
23.Nc3 Nxd2 24.Bxd2 Qa6 25.Qg3 Nxd4 26.Qxg7 Kd7 27.Red1 Nf5 28.Qxf7 Raf8
29.Qg6 Rfg8  0-1

[Event "Amplico ch-EUR Rapid"]
[Site "Warsaw POL"]
[Date "2012.12.16"]
[Round "8.17"]
[White "Piorun,K"]
[Black "Edouard,R"]
[Result "1-0"]
[WhiteElo "2529"]
[BlackElo "2686"]

1.e4 e6 2.d4 d5 3.Nd2 Be7 4.Ngf3 Nf6 5.e5 Nfd7 6.Bd3 c5 7.O-O cxd4 8.Nb3 Nc6
9.Re1 Qb6 10.a4 Bb4 11.Bd2 Bxd2 12.Qxd2 h6 13.a5 Qb4 14.Qxb4 Nxb4 15.Nfxd4 Ke7
16.Bb5 Nb8 17.Nc5 N4a6 18.Bxa6 Nxa6 19.Nxa6 bxa6 20.Re3  1-0

[Event "Amplico ch-EUR Rapid"]
[Site "Warsaw POL"]
[Date "2012.12.16"]
[Round "9.44"]
[White "Jaracz,P"]
[Black "Pfeffer,R"]
[Result "1-0"]
[WhiteElo "2548"]
[BlackElo "2255"]

1.e4 e6 2.d4 d5 3.Nd2 Be7 4.Bb5+ Bd7 5.Bd3 dxe4 6.Nxe4 Nf6 7.Ng3 c5 8.dxc5 Bxc5
9.Nf3 Qb6 10.O-O Nc6 11.c3 a5 12.Qe2 O-O 13.Bg5 Ng4 14.Rad1 Qc7 15.Bxh7+ Kxh7
16.Qd3+ Kg8 17.Qxd7 Qxd7 18.Rxd7 f6 19.Ne4 Ba7 20.Bc1 Rf7 21.Rxf7 Kxf7 22.h3 Nh6
23.Bxh6 gxh6 24.Rd1 Ke7 25.a4 Rd8 26.Rxd8 Nxd8 27.g4 Nc6 28.Kf1 f5 29.gxf5 exf5
30.Ng3 Kf6 31.Ke2 Nd8 32.Nh5+ Ke6 33.Nf4+ Kd6 34.h4 Nf7 35.h5 Ne5 36.Nxe5 Kxe5
37.Nd3+ Kd5 38.b3 Bb8 39.Ke3 b6 40.c4+ Kd6 41.Kd4 Ke6 42.c5 Bc7 43.f4 bxc5+
44.Kxc5 Bb8 45.Kc6 Ba7 46.b4 axb4 47.Nxb4 Be3 48.a5 Bxf4 49.a6 Be3 50.Nd5 Ba7
51.Kb7 Kxd5 52.Kxa7 f4 53.Kb6  1-0

[Event "Amplico ch-EUR Rapid"]
[Site "Warsaw POL"]
[Date "2012.12.16"]
[Round "10.23"]
[White "Mikrut,D"]
[Black "Riazantsev,A"]
[Result "0-1"]
[WhiteElo "2351"]
[BlackElo "2705"]

1.e4 e6 2.d4 d5 3.Nd2 Nc6 4.Ngf3 Nf6 5.e5 Nd7 6.Be2 Be7 7.Nf1 f6 8.exf6 Nxf6
9.Ne3 O-O 10.O-O Bd6 11.c4 b6 12.b3 Bb7 13.Bb2 Ne7 14.Ne5 Kh8 15.Bd3 c5 16.Qe2 Bxe5
17.dxe5 Nfg8 18.cxd5 Nxd5 19.Nxd5 Bxd5 20.Rad1 Qg5 21.f3 Ne7 22.Bc1 Qh5 23.g4 Qh4
24.Bd2 Nc6 25.Bc3 Rf7 26.Be4 Ne7 27.Be1 Qh3 28.Bg3 Re8 29.Qb5 Rff8 30.Qd7 h5
31.Bxd5 Nxd5 32.Rxd5 exd5 33.e6 hxg4 34.e7 Rg8 35.fxg4 d4 36.Rf7 Qh6 37.g5 Qh5
38.Rf4 Qd1+ 39.Kg2 Qe2+ 40.Kh3 g6 41.Rh4+ Kg7 42.Bd6 Qf3+ 43.Bg3 Qf1+ 44.Kg4 Qe2+
45.Kh3 Rxe7  0-1

[Event "Amplico ch-EUR Rapid"]
[Site "Warsaw POL"]
[Date "2012.12.16"]
[Round "11.34"]
[White "Kosiorek,M"]
[Black "Stupak,K"]
[Result "1-0"]
[WhiteElo "2366"]
[BlackElo "2526"]

1.e4 e6 2.d4 d5 3.Nd2 Nc6 4.Ngf3 Nf6 5.e5 Nd7 6.c3 f6 7.exf6 Qxf6 8.Bb5 Bd6
9.O-O O-O 10.Nb3 e5 11.dxe5 Ndxe5 12.Nxe5 Nxe5 13.f4 Nf7 14.Be3 Bf5 15.Qd2 Be4
16.Rae1 Qg6 17.Nc5 Bxc5 18.Bxc5 Rfd8  1-0

[Event "SportAccord Blitz Women 2012"]
[Site "Beijing CHN"]
[Date "2012.12.17"]
[Round "9.6"]
[White "Hou Yifan"]
[Black "Socko,M"]
[Result "0-1"]
[WhiteElo "2606"]
[BlackElo "2445"]

1.e4 e6 2.d4 d5 3.Nd2 Be7 4.c3 c5 5.dxc5 Nf6 6.exd5 exd5 7.Ngf3 O-O 8.Bd3 Bxc5
9.O-O Nc6 10.Nb3 Bd6 11.h3 h6 12.Re1 a5 13.a4 Bd7 14.Be3 Re8 15.Nbd4 Ne5
16.Nxe5 Bxe5 17.Nf3 Bc7 18.Bd4 Re6 19.Qc2 Ne4 20.Bxe4 dxe4 21.Rxe4 Rxe4 22.Qxe4 Bc6
23.Qg4 Qf8 24.Nh4 f6 25.Nf5 Kh7 26.Re1 Re8 27.Rxe8 Bxe8 28.Ne3 Qd6 29.g3 Bg6
30.h4 h5 31.Qf3 b6 32.Qd5 Qe7 33.Nf5 Qe1+ 34.Kh2 Qb1 35.Bxf6 Bxf5 36.Qf7 Bxg3+
37.Kxg3 Qd3+ 38.Kf4 Qe4+ 39.Kg3 Qg4+ 40.Kh2 Be4 41.Qxg7+ Qxg7 42.Bxg7 Kxg7
43.b4 Bc2 44.bxa5 bxa5 45.Kg3 Bxa4 46.Kf4 Bb3 47.Ke3 a4 48.Kd2 a3 49.Kc1 Kf6
50.f3 Kf5 51.Kb1 Ke5  0-1

[Event "15th Padova Open 2012"]
[Site "Padova ITA"]
[Date "2012.12.18"]
[Round "3.2"]
[White "Codenotti,M"]
[Black "Dvirnyy,D"]
[Result "1/2-1/2"]
[WhiteElo "2362"]
[BlackElo "2537"]

1.e4 e6 2.d4 d5 3.Nd2 Be7 4.Ngf3 Nf6 5.e5 Nfd7 6.Bd3 c5 7.c3 Nc6 8.O-O a5
9.a4 cxd4 10.cxd4 Nb4 11.Bb5 O-O 12.Nb1 Nb6 13.Nc3 Bd7 14.b3 Nc8 15.Qe2 Na7
16.Be3 Nxb5 17.axb5 Rc8 18.Rac1 Qe8 19.Rfd1 Qd8 20.g3 Rc7 21.h4 Kh8 22.Kg2 Qc8
23.Na4 Rxc1 24.Rxc1 Qe8 25.Nc3 Rg8 26.Bf4 f6 27.exf6 gxf6 28.Qe3 Qg6 29.Na4 Bxb5
30.Rc7 Bd8 31.Ne5 fxe5 32.Bxe5+ Bf6 33.h5 Qf5 34.Rf7 Nc2 35.Qd2 Qe4+ 36.f3 Rxg3+
37.Bxg3 Ne3+ 38.Kf2 Ng4+ 39.Kg2 Ne3+ 40.Kf2 Ng4+ 41.Kg2  1/2-1/2

[Event "Norberto La Porta Open A"]
[Site "Buenos Aires ARG"]
[Date "2012.12.19"]
[Round "4"]
[White "Martinez de Negri,G"]
[Black "Mahia,G"]
[Result "0-1"]
[WhiteElo "2154"]
[BlackElo "2380"]

1.e4 e6 2.d4 d5 3.Nd2 Nc6 4.Ngf3 Nf6 5.e5 Nd7 6.c3 f6 7.Bb5 fxe5 8.Nxe5 Ncxe5
9.dxe5 c6 10.Bd3 Qg5 11.O-O Qxe5 12.Nf3 Qh5 13.Re1 Nc5 14.Bc2 Bd6 15.b4 Na6
16.Qd4 O-O 17.Bb2 Rxf3 18.gxf3 Bxh2+ 19.Kf1 e5 20.Qd3 Bh3+ 21.Ke2 e4 22.Qe3 Rf8
23.Kd1 Rxf3 24.Qe2 Qf7 25.Kc1 Rxf2 26.Qd1 Bf4+ 27.Kb1 Rd2  0-1

[Event "15th Padova Open 2012"]
[Site "Padova ITA"]
[Date "2012.12.23"]
[Round "9.4"]
[White "Lazic,Mir"]
[Black "Naumkin,I"]
[Result "1/2-1/2"]
[WhiteElo "2471"]
[BlackElo "2500"]

1.e4 e6 2.d4 d5 3.Nd2 a6 4.Ngf3 c5 5.exd5 exd5 6.dxc5 Bxc5 7.Bd3 Nf6 8.Nb3 Be7
9.h3 O-O 10.O-O Nc6  1/2-1/2

[Event "World Cities Team KO"]
[Site "Al-Ain UAE"]
[Date "2012.12.25"]
[Round "1.3"]
[White "Mamedov,Rau"]
[Black "Edouard,R"]
[Result "1-0"]
[WhiteElo "2647"]
[BlackElo "2686"]

1.e4 e6 2.d4 d5 3.Nd2 Be7 4.Ngf3 Nf6 5.e5 Nfd7 6.Bd3 c5 7.c3 Nc6 8.O-O a5
9.a4 cxd4 10.cxd4 Nb4 11.Bb1 Nb8 12.Re1 N8c6 13.Nf1 Bd7 14.Ng3 h5 15.Ne2 Qb6
16.Ng5 Rf8 17.Ra3 O-O-O 18.Rf3 Be8 19.h4 Kb8 20.Be3 Rc8 21.Nc3 Nd8 22.Rg3 Rh8
23.Nf3 g6 24.Qd2 Na6 25.Bd3 Bb4 26.Bg5 Nc6 27.Qf4 Ne7 28.Bf6 Rf8 29.Ng5 Nc7
30.Rc1 Nf5 31.Bxf5 exf5 32.Na2 Ne6 33.Rxc8+ Kxc8 34.Nxe6 fxe6 35.Nxb4 Qxb4
36.b3 Rg8 37.Kh2 Kb8 38.Qh6 Bc6 39.Qf4 Qe1 40.Be7 Qe4 41.Qd2 b6 42.b4 Qb1
43.bxa5 Bxa4 44.axb6 Kb7 45.Bc5 Qe4 46.Qg5 Ka6 47.Ra3 Kb5 48.Qd2 Bc2 49.b7  1-0

[Event "21st Donau Open 2012"]
[Site "Aschach AUT"]
[Date "2012.12.26"]
[Round "1"]
[White "Navratil,Ji1"]
[Black "Jurek,J"]
[Result "1/2-1/2"]
[WhiteElo "2094"]
[BlackElo "2325"]

1.e4 e6 2.d4 d5 3.Nd2 Be7 4.Ngf3 Nf6 5.Bd3 c5 6.exd5 Qxd5 7.dxc5 Na6 8.Nb3 Nxc5
9.Nxc5 Bxc5 10.O-O O-O 11.Qe2 b6 12.Bg5 Bb7 13.Rfd1 Ne4 14.Bh4 g5 15.c4 Qc6
16.Bxe4 Qxe4 17.Qxe4 Bxe4 18.Bxg5 f6 19.Bh4 Kg7  1/2-1/2

[Event "World Cities Team KO"]
[Site "Al-Ain UAE"]
[Date "2012.12.27"]
[Round "3.8"]
[White "Durarbayli,V"]
[Black "Sedlak,N"]
[Result "1-0"]
[WhiteElo "2587"]
[BlackElo "2572"]

1.e4 e6 2.d4 d5 3.Nd2 a6 4.Ngf3 c5 5.Bd3 Nc6 6.exd5 exd5 7.dxc5 Bxc5 8.O-O Nf6
9.Re1+ Be6 10.Nb3 Bb6 11.Bg5 h6 12.Bh4 g5 13.Bg3 O-O 14.Ne5 Nxe5 15.Bxe5 Ng4
16.Bd4 Qd6 17.g3 Rae8 18.Rxe6 fxe6 19.Qxg4 e5 20.Bxb6 Qxb6 21.Rf1 e4 22.Be2 d4
23.Kg2 Re5 24.f4 exf3+ 25.Bxf3 d3 26.cxd3 Qe3 27.Be4 Rxf1 28.Kxf1 Re7 29.Qc8+ Kg7
30.Qc3+ Kg8 31.Qd2 Rf7+ 32.Kg2 Qxd2+ 33.Nxd2 Kg7 34.Nc4 Rc7 35.Kf3 b5 36.Ne3 Rc1
37.d4 h5 38.a3 Kf6 39.Ke2 Ke6 40.Kd2 Rg1 41.Bd5+ Kd6 42.Bf3 g4 43.Be4 a5
44.Ke2 Ra1 45.Bg6 b4 46.axb4 a4 47.Bxh5 Rb1 48.Nd1 Rc1 49.Kd2 Rc4 50.Kd3  1-0

[Event "Pan-Am Intercollegiate 2012"]
[Site "Princeton USA"]
[Date "2012.12.27"]
[Round "1"]
[White "Diamant,A"]
[Black "Hutton Jack"]
[Result "1-0"]
[WhiteElo "2482"]
[BlackElo "2017"]

1.e4 e6 2.d4 d5 3.Nd2 Be7 4.Ngf3 Nf6 5.e5 Nfd7 6.Bd3 c5 7.c3 Nc6 8.O-O g5
9.dxc5 g4 10.Nd4 Nxc5 11.Bb5 Bd7 12.Bxc6 Bxc6 13.Qxg4 Qc7 14.Qe2 O-O-O 15.N2b3 Rdg8
16.Be3 Nd7 17.f4 h5 18.Nxc6 Qxc6 19.Nd4 Qc4 20.Qxc4+ dxc4 21.b3 Nb6 22.Nb5 Nd5
23.Bd4 cxb3 24.axb3 a6 25.Nd6+ Bxd6 26.exd6 Rh6 27.c4 Nb4 28.Bc3 Nc6 29.b4 Kd7
30.b5 Nb8 31.bxa6 Nxa6 32.Rfb1 Nc5 33.Bd4 Rc8 34.Ra5 Nd3 35.c5 Nxf4 36.Be3 Rf6
37.Bxf4 Rxf4 38.Rxb7+ Kc6 39.Rb6+ Kd5 40.d7 Rd8 41.c6+ Kd6 42.Ra7 Ke7 43.Rab7 Rc4
44.h3 Rc2 45.Ra7 Rg8 46.d8=Q+ Kxd8  1-0

[Event "21st Donau Open 2012"]
[Site "Aschach AUT"]
[Date "2012.12.28"]
[Round "4"]
[White "Neuman,P"]
[Black "Schwabeneder,Florian"]
[Result "1-0"]
[WhiteElo "2471"]
[BlackElo "2291"]

1.e4 e6 2.d4 d5 3.Nd2 a6 4.c3 c5 5.dxc5 Bxc5 6.Bd3 Nf6 7.Qe2 Nc6 8.Ngf3 O-O
9.O-O e5 10.exd5 Qxd5 11.Ne4 Be7 12.Rd1 Qa5 13.Bg5 Ne8 14.Bxe7 Nxe7 15.Neg5 Ng6
16.Bxg6 hxg6 17.Qxe5 Qxe5 18.Nxe5 f6 19.Nxg6 fxg5 20.Nxf8 Kxf8 21.Rd8 Ke7
22.Rad1 Nc7 23.Rg8 Ne6 24.f3 b6 25.Kf2 Bb7 26.Rxa8 Bxa8 27.g3 Bc6 28.Ke3 g6
29.c4 Ng7 30.g4 Ne6 31.b4 Nf4 32.a3 Ne6 33.Rd2 Bb7 34.h3 Bc6 35.Rh2 Kf6 36.h4 gxh4
37.Rxh4 Kg7 38.Rh2 Ng5 39.f4 Nf7 40.c5 b5 41.g5 Kf8 42.Kf2 Ke7 43.Rh7 Kf8
44.Kg3 Kg8 45.Rh2 Kf8 46.Rd2 Ke7 47.Re2+ Kd7 48.f5 gxf5 49.Kf4 Be4 50.Rh2 Ke6
51.Rh7 Bd5 52.Rh2 Be4 53.Rd2 Ke7 54.g6 Nd8 55.Rd6 Nc6 56.Kg5 Ne5 57.Rxa6 Nf3+
58.Kf4 Nd4 59.Rd6 Nc6 60.Kg5 Ne5 61.Ra6 Kf8 62.a4 bxa4 63.Rxa4  1-0

[Event "21st Donau Open 2012"]
[Site "Aschach AUT"]
[Date "2012.12.29"]
[Round "5"]
[White "Wertjanz,Dav"]
[Black "Froewis,G"]
[Result "0-1"]
[WhiteElo "2259"]
[BlackElo "2399"]

1.e4 e6 2.d4 d5 3.Nd2 Nc6 4.Ngf3 Nf6 5.e5 Nd7 6.Be2 f6 7.exf6 Qxf6 8.Nf1 Bd6
9.Ne3 O-O 10.O-O Qg6 11.c4 Nf6 12.c5 Be7 13.Bb5 Bd7 14.a4 a5 15.Re1 Ne4 16.Bxc6 Bxc6
17.Ne5 Qe8 18.f3 Nf6 19.Bd2 Nd7 20.Nxc6 bxc6 21.f4 Nf6 22.Ng4 Ne4 23.Nf2 Nxf2
24.Kxf2 Bf6 25.Be3 Rb8 26.Qd2 e5 27.Kg1 exd4 28.Bxd4 Qf7 29.Be5 Rb4 30.g3 Rfb8
31.Bc3 Rb3 32.Bxf6 Qxf6 33.Re5 Rxb2 34.Qe3 h6 35.Re1 R8b3 36.Qd4 Qg6 37.R5e2 Rc2
38.Kg2 Rb4 39.Qf2 Rxe2 40.Rxe2 Qf5 41.Re5 Qb1 42.Qe3 Rb2+ 43.Kh3 Qf1+ 44.Kg4 Qd1+
45.Kh3 Kh7 46.Qe1 Qf3 47.Qg1 g5 48.Re7+ Kg6 49.Re6+ Kh5 50.Rxh6+ Kxh6 51.fxg5+ Kh5  0-1

[Event "Groningen Open A"]
[Site "Groningen NED"]
[Date "2012.12.29"]
[Round "8.7"]
[White "Das,Arg"]
[Black "Hovhanisian,M"]
[Result "1/2-1/2"]
[WhiteElo "2476"]
[BlackElo "2477"]

1.e4 e6 2.d4 d5 3.Nd2 a6 4.Bd3 c5 5.dxc5 Bxc5 6.Ngf3 Nf6 7.O-O Nc6 8.exd5 Nxd5
9.Ne4 Be7 10.c4 Nf6 11.Qe2 e5 12.Rd1 Qc7 13.Nxf6+ Bxf6 14.Bg5 Bg4 15.Bxf6 gxf6
16.Be4 Bh5 17.Qe3 O-O 18.Nh4 Ne7 19.Rdc1 Rad8 20.c5 Bg6 21.Nxg6 hxg6 22.Qf3 f5
23.Bxb7 e4 24.Qb3 Rb8 25.c6 Nxc6 26.Rxc6 Qxb7 27.Rxg6+ Kh7 28.Qxb7 Rxb7 29.Rf6 Rxb2
30.Rxf5 Kg6 31.Ra5 Rc8 32.Rxa6+ f6 33.Ra3 Rcc2 34.Rg3+ Kf5 35.Rf1 Rxa2 36.h4 Kf4
37.Rg8 f5 38.Rg5 Rab2 39.g3+ Ke5 40.g4 Kf4 41.Rxf5+ Kxg4 42.Rg5+ Kf4 43.Rg8 Rd2
44.Rf8+ Kg4 45.Rg8+ Kf4 46.Re1 Re2 47.Rxe2 Rxe2 48.Rg3 Ra2 49.h5 Ra5 50.h6 Rh5
51.Rg6 e3 52.fxe3+ Kxe3 53.Rf6 Ke4 54.Kg2 Ke5 55.Ra6 Kf4  1/2-1/2

[Event "Groningen Open A"]
[Site "Groningen NED"]
[Date "2012.12.29"]
[Round "8.10"]
[White "Drozdowski,K"]
[Black "Pacher,M"]
[Result "1-0"]
[WhiteElo "2426"]
[BlackElo "2436"]

1.e4 e6 2.d4 d5 3.Nd2 Be7 4.e5 c5 5.Qg4 g6 6.dxc5 Nh6 7.Qh3 Nf5 8.Ngf3 Nc6
9.c3 d4 10.Bc4 dxc3 11.bxc3 Qa5 12.Ne4 b5 13.Bd3 Bb7 14.O-O O-O-O 15.Bc2 Rd5
16.Bf4 h6 17.Nd6+ Bxd6 18.cxd6 Qxc3 19.Rac1 Qb4 20.Bg3 Kb8 21.Bxf5 gxf5 22.Qh4 Qxh4
23.Bxh4 Rg8 24.Rfd1 Rxd1+ 25.Rxd1 a5 26.Bf6 b4 27.Kf1 Kc8 28.d7+ Kc7 29.Rd6 Nd8
30.Nd4 Bxg2+ 31.Ke2 Bd5 32.Kd3 Bxa2 33.Nb5+ Kb7 34.Kd4 Nc6+ 35.Kc5 Bd5 36.Rxc6 Bxc6
37.Nd6+ Kc7 38.d8=Q+ Rxd8 39.Bxd8+ Kd7 40.Bxa5 b3 41.Bc3 h5 42.h4 f4 43.Nxf7 Bd5
44.Ng5  1-0

[Event "XXIII Krakow Open"]
[Site "Krakow POL"]
[Date "2012.12.29"]
[Round "4.26"]
[White "Wee Chu En,K"]
[Black "Skawinski,A"]
[Result "1/2-1/2"]
[WhiteElo "2048"]
[BlackElo "2239"]

1.e4 e6 2.d4 d5 3.Nd2 Nc6 4.Ngf3 Nf6 5.e5 Nd7 6.Nb3 a5 7.a4 b6 8.c3 Ba6 9.Bxa6 Rxa6
10.O-O Be7 11.Ne1 O-O 12.f4 f5 13.Nf3 Ra8 14.Be3 Qe8 15.Nc1 Qh5 16.Ne2 h6
17.Qd2 Bh4 18.h3 Kh8 19.Kh2 Be7 20.Rg1 Qf7 21.Raf1 Rg8 22.g4 g6 23.Rg2 Rg7
24.Rg3  1/2-1/2

[Event "Piterenka Blitz 2012"]
[Site "Moscow RUS"]
[Date "2012.12.29"]
[Round "5"]
[White "Karjakin,Sergey"]
[Black "Grischuk,A"]
[Result "0-1"]
[WhiteElo "2775"]
[BlackElo "2764"]

1.e4 e6 2.d4 d5 3.Nd2 Nc6 4.c3 e5 5.dxe5 dxe4 6.Qe2 Bf5 7.Nxe4 Qd5 8.Ng3 Bg6
9.Nh3 O-O-O 10.Nf4 Qxe5 11.Qxe5 Nxe5 12.Be2 Nf6 13.O-O Bc5 14.Nxg6 hxg6 15.Bg5 Bb6
16.Bxf6 gxf6 17.Rad1 f5 18.Rxd8+ Rxd8 19.Rd1 Rxd1+ 20.Bxd1 Nd3 21.Kf1 Kd8
22.b4 Nxf2 23.Bb3 Ke7 24.Ke2 Ng4 25.h3 Ne5 26.Nf1 f4 27.Nd2 f5 28.Nc4 Nd7
29.h4 Nf6 30.Ne5 Ne4 31.Nxg6+ Kf6 32.Nxf4 Nxc3+ 33.Kd3 Ne4 34.a4 c6 35.Bc4 Bc7
36.Ne2 Bd6 37.b5 Nc5+ 38.Kc2 Nxa4 39.bxc6 bxc6 40.Nd4 c5 41.Nc6 Nb6 42.Be2 Nd5
43.Nxa7 Ne3+ 44.Kd2 Nxg2 45.h5 Kg5 46.Nb5 Be5 47.Na3 Nf4 48.Bf3 Nxh5 49.Nc4 Bd4
50.Nd6 Nf6 51.Ke2 Kf4 52.Bb7 Be5 53.Nc4 Ne4 54.Bc8 Bd4 55.Bd7 Nf6 56.Bc8 Ne4
57.Bd7 Ng3+ 58.Kd3 Kf3 59.Nd6 f4 60.Bc6+ Kf2 61.Nb7 Nf5 62.Ke4 Ne7 63.Ba4 Kg3
64.Bd1 Ng6 65.Kd5 Ne7+ 66.Kc4 Nf5 67.Bh5 Ne3+ 68.Kd3 f3 69.Nd6 f2 70.Be2 Kg2
71.Ke4 f1=Q 72.Bxf1+ Kxf1 73.Nb7 Ke2 74.Nxc5 Bxc5 75.Ke5 Kd3 76.Ke6 Ke4 77.Kd7 Kd5
78.Kc7 Nc4 79.Kb7 Bb6 80.Ka6 Kc5 81.Kb7 Kb5 82.Kb8 Kc6 83.Ka8 Ne3 84.Kb8 Nd5
85.Ka8 Nc7+ 86.Kb8 Bc5 87.Kc8 Ba7 88.Kd8 Nd5 89.Kc8 Ne7+ 90.Kd8 Kd6 91.Ke8 Ke6
92.Kd8 Bb6+ 93.Ke8 Nf5 94.Kf8 Bc7 95.Ke8 Ng7+ 96.Kf8 Kf6 97.Kg8 Kg6 98.Kf8 Bd6+
99.Kg8 Nf5 100.Kh8 Be7 101.Kg8 Nh6+  0-1

[Event "Pan-Am Intercollegiate 2012"]
[Site "Princeton USA"]
[Date "2012.12.30"]
[Round "6"]
[White "Shen,V"]
[Black "Rosen,E"]
[Result "1/2-1/2"]
[WhiteElo "2419"]
[BlackElo "2288"]

1.e4 e6 2.d4 d5 3.Nd2 Be7 4.Ngf3 Nf6 5.e5 Nfd7 6.Bd3 c5 7.c3 b6 8.O-O Ba6
9.Bxa6 Nxa6 10.Qe2 Nab8 11.c4 dxc4 12.Qe4 Na6 13.Nxc4 O-O 14.d5 exd5 15.Qxd5 b5
16.Ne3 Nc7 17.Qc6 Qc8 18.Nf5 Re8 19.Rd1 Nb6 20.Nxe7+ Rxe7 21.Qxc5 Qe8 22.b3 Ne6
23.Qe3 Rd7 24.Rxd7 Qxd7 25.Ba3 Nd5 26.Qd2 Qb7 27.Bd6 Ndf4 28.h4 Nd4 29.Qe3 Rc8
30.Re1 Nde6 31.Kh2 a5 32.Rc1 Rxc1 33.Qxc1 h6 34.Qe3 Qd5 35.Ba3 Nd3 36.Bc1 b4
37.Qd2 Nec5 38.Qc2 Nxe5 39.Nxe5 Qxe5+ 40.g3 Qc3 41.Qd1 Nd3 42.Be3 Ne5 43.Qd8+ Kh7
44.Qxa5 Ng4+ 45.Kg1 Nxe3 46.fxe3 Qxe3+ 47.Kg2 Qe4+ 48.Kh2 g6 49.a3 Qe2+ 50.Kg1 Qf3
51.Kh2 Qf2+ 52.Kh3 bxa3 53.Qxa3 Qg1 54.Qb2 Qh1+ 55.Qh2 Qb1 56.Qd2 Qxb3 57.Kh2 Qf3
58.Qb2 g5 59.hxg5 hxg5 60.Qc2+ Kh6 61.Qb2 f6 62.Qc2 f5 63.Qb2 Kg6 64.Qa2 Kh5
65.Qb2 Qe4 66.Qh8+ Kg4 67.Qh3+ Kf3 68.Qf1+ Ke3 69.Qe1+ Kd3 70.Qd1+ Kc3 71.Qh5 g4
72.Qh8+ Kd3 73.Qb8 Ke2 74.Qb2+ Kf1 75.Qf2+  1/2-1/2

[Event "XXIII Krakow Open"]
[Site "Krakow POL"]
[Date "2012.12.31"]
[Round "6.16"]
[White "Hirneise,T"]
[Black "Skawinski,A"]
[Result "1-0"]
[WhiteElo "2457"]
[BlackElo "2239"]

1.e4 e6 2.d4 d5 3.Nd2 Nc6 4.Ngf3 Nf6 5.e5 Nd7 6.Nb3 a5 7.a4 Be7 8.Bb5 Ncb8
9.h4 h6 10.g3 b6 11.O-O Ba6 12.Bxa6 Nxa6 13.Qe2 O-O 14.Nh2 Qe8 15.Ng4 Kh8
16.c3 f5 17.exf6 Bxf6 18.Re1 Qg6 19.Kg2 c5 20.Bf4 Rae8 21.Nxf6 Nxf6 22.Qxa6  1-0

[Event "16th Bad Zwesten Open"]
[Site "Bad Zwesten GER"]
[Date "2013.01.02"]
[Round "1.6"]
[White "Zalewski,Ulrich"]
[Black "Mundorf,J"]
[Result "0-1"]
[WhiteElo "1780"]
[BlackElo "2174"]

1.e4 e6 2.d4 d5 3.Nd2 Nc6 4.c3 e5 5.dxe5 dxe4 6.Nxe4 Qxd1+ 7.Kxd1 Nxe5 8.Bf4 f6
9.Be2 Bf5 10.Nd2 O-O-O 11.Bxe5 fxe5 12.Nf3 Nf6 13.Ke1 Bc5 14.Nxe5 Rhe8 15.f4 Be3
16.Nec4 Bxd2+  0-1